Statistics for West Ham scorers in Premier League 2015-2016

Click here to take the quiz!

General Stats

  • This quiz has been taken 512 times
    (422 since last reset)
  • The average score is 10 of 15

Answer Stats

Player Goals % Correct
Mark Noble7
96%
Andy Carroll9
95%
Dimitri Payet9
93%
Aaron Creswell2
88%
Winston Reid1
87%
Michail Antonio8
86%
Manuel Lanzini6
84%
Cheikhou Kouyaté5
77%
Diafra Sakho5
76%
Enner Valencia4
68%
Mauro Zarate3
50%
Carl Jenkinson2
47%
Victor Moses1
37%
Nikica Jelavic1
22%
Modibo Maïga1
20%

Score Distribution

Percentile by Number Answered

Percent of People with Each Score

Your Score History

You have not taken this quiz since the last reset